Sports Quiz

Random Sports or NBA Quiz

Big 4 Teams Central Time Zone Quiz Stats

Quiz Updated Feb 8, 2016

Challenge
Share
Tweet
Embed
Score 0/31 Timer 03:00
2 Plays Today
League Team % Correct
NFLChicago Bears
88.8%
MLBChicago Cubs
88.3%
MLBChicago White Sox
86.3%
NFLDallas Cowboys
86.3%
NBAChicago Bulls
83.2%
NFLMinnesota Vikings
83%
MLBSt. Louis Cardinals
82.3%
NFLHouston Texans
82%
NFLGreen Bay Packers
81.3%
MLBMinnesota Twins
78.3%
MLBHouston Astros
77.5%
NHLChicago Blackhawks
77.3%
MLBTexas Rangers
75.9%
NFLKansas City Chiefs
75%
NBADallas Mavericks
74.3%
MLBKansas City Royals
73.4%
League Team % Correct
NBAHouston Rockets
70.5%
NHLDallas Stars
70.3%
NFLNew Orleans Saints
70.2%
NBASan Antonio Spurs
69.1%
MLBMilwaukee Brewers
68.7%
NBAMinnesota Timberwolves
68.3%
NBAOklahoma City Thunder
65.4%
NHLSt. Louis Blues
64.1%
NHLMinnesota Wild
63.6%
NFLTennessee Titans
62.1%
NBAMilwaukee Bucks
60.6%
NBANew Orleans Pelicans
56.6%
NBAMemphis Grizzlies
45.9%
NHLNashville Predators
42.9%
NHLWinnipeg Jets
16.6%

You're not logged in!

Compare scores with friends on all Sporcle quizzes.
Sign Up with Email
OR
Log In

You Might Also Like...

Show Comments

Extras

Top Quizzes Today


Score Distribution

Your Account Isn't Verified!

In order to create a playlist on Sporcle, you need to verify the email address you used during registration. Go to your Sporcle Settings to finish the process.